| 000 | 00364nam a22001577a 4500 | ||
|---|---|---|---|
| 003 | OSt | ||
| 005 | 20220311090955.0 | ||
| 008 | 220311b |||||||| |||| 00| 0 eng d | ||
| 020 | _a0870554921 | ||
| 040 | _cHU | ||
| 082 | _a635/.05HOR 1985 | ||
| 245 | _aHORTICULTRAL REVIEWS | ||
| 260 |
_aU.S.A _bAVI _c1985 |
||
| 300 |
_aix 570 p _c23 _fhc |
||
| 942 |
_2ddc _cBOOKS _n0 |
||
| 999 |
_c32614 _d32614 |
||